The Incredible World of Dimby! - Statistics

General Stats
  • This quiz has been taken 12 times
  • The average score is 6 of 15
Answer Stats
Question Answer % Correct
Is he a premium member? Yes
100%
How many times have his quizzes been taken? 1,361,515
78%
How long has he been on Jetpunk? 7 years
78%
Which quiz did he make on 2024-08-18? Click Chain
56%
????? DIMBY
56%
Dimby will you please add us? I AM DIMBY
56%
What county is he from? Canada
33%
who is dimby's biggest fan? us
33%
How many blogs does he have? 6
22%
DIMBy? DIMBY
22%
What is Dimby's favorite pastime? Coding
11%
Has Dimby added us as a friend? He hates us
11%
DIMbyyyyyyyyyyyyy I
11%
DIMBY V
11%
How many subscribers does Dimby have? 15
0%
No matching quizzes found
Score Distribution
Percent of People with Each Score
Percentile by Number Answered
Your Score History
You have not taken this quiz